Stolice państw graniczących z Węgrami - Statystyki

Ogólne statystyki
  • Ten quiz został rozwiązany 11 razy
  • Średni wynik to 6 z 7
Statystyki odpowiedzi
Stolica % Poprawnych
Bratysława
100%
Bukareszt
100%
Zagrzeb
100%
Belgrad
90%
Wiedeń
90%
Kijów
80%
Ljubljana
10%
Nie znaleziono quizów pasujących do podanych kryteriów
Rozkład punktacji
Procent ludzi z każdym wynikiem
Percentyl według liczby udzielonych odpowiedzi
Twoja historia wyników
Nie rozwiązałeś tego quizu